The economics of environmental management in Vietnam
Gespeichert in:
| Format: | Buch |
|---|---|
| Sprache: | Undetermined |
| Veröffentlicht: |
Singapore
Economy and Environment Program for Southeast Asia
2010
|
| Schlagworte: | |
| Tags: |
Tag hinzufügen
Keine Tags, Fügen Sie den ersten Tag hinzu!
|
| Thư viện lưu trữ: | Trung tâm Học liệu Trường Đại học Cần Thơ |
|---|
| LEADER | 00646nam a2200181Ia 4500 | ||
|---|---|---|---|
| 001 | CTU_170258 | ||
| 008 | 210402s9999 xx 000 0 und d | ||
| 082 | |a 333.7 | ||
| 082 | |b E17 | ||
| 245 | 4 | |a The economics of environmental management in Vietnam | |
| 245 | 0 | |c Bui Dung The, Herminia Francisco | |
| 260 | |a Singapore | ||
| 260 | |b Economy and Environment Program for Southeast Asia | ||
| 260 | |c 2010 | ||
| 650 | |a Environmental management,Quản lý môi trường,Kinh tế môi trường | ||
| 650 | |x Economic aspects,Khía cạnh kinh tế | ||
| 910 | |a Nguyên | ||
| 980 | |a Trung tâm Học liệu Trường Đại học Cần Thơ | ||